000 00455nam a2200181Ia 4500
008 240925s9999 xx 000 0 und d
020 _a9788172455101
082 _a658.00321 HIC
100 _aHicks David
245 0 _aDictionary of Business
250 _a1st
260 _aNew Delhi:
_bGoodwill Publishing House
_cNA
300 _aV.Pp.
_bNA
_fPhotocopy
500 _aIncludes Index
600 _aManagement
650 _aManagement
942 _cBK
999 _c12398
_d12398